000 00848nam a2200229Ia 4500
003 GCL
008 140319s9999 xx 000 0 ara d
040 _aGCL /
_cGCL
082 0 4 _a956.04
_bى م
100 1 _aيوسف عبدالله الصايغ
245 1 0 _aالنفط العربى وقضية فلسطين فى الثمانينات /
_cيوسف عبدالله الصايغ
260 _a[S.N] :
_bمؤسسة الدراسات الفلسطينية ،
_c1986
300 _a55 ص
490 _aاوراق مؤسسة الدراسات الفلسطسينية
_v0
650 0 4 _aالعالم العربى
650 0 4 _aالاحوال السياسية
650 0 4 _aالنزاع العربى الاسرائيلى
650 0 4 _aالقضية الفلسطينية
650 0 4 _aالنفط
650 0 4 _aالنفط العربى
942 _2ddc
_cBK
999 _c40348
_d40348